000 00444nam a2200169Ia 4500
001 39535
008 140423s9999 xx 000 0 und d
020 _a9960956237
040 _cPK-LaUMT
082 _a 219
_bMAJ-M
100 _aMajdi Muhammad Ash-Shahawi
245 _aMarital discord
_bcauses and cures
_cMajdi Muhammad Ash-Shahawi
260 _aRiyadh,Saudi Arabia:
_bDarussalam,
_c2004
300 _a154 p.
546 _aEN
942 _cBK
999 _c38842
_d38842